000 00498nam a2200181 i 4500
001 84726
003 ES-MaACL
005 20231216062907.0
007 t|
008 041123s1976 sp ||||1| spa d
100 1 _aJiménez Martos, Luis,
_d1926-2003
_966562
245 1 4 _aLos pasos litorales /
_cLuis Jiménez Martos.
250 _a[1ª ed.].
260 _aMadrid :
_bAguilar,
_c1976.
300 _a91 p. ;
_c20 cm.
852 _aES-MaACL
_jA-5721
_bR.94878
999 _c84726
_d84726